Sports Quiz

Random Sports or Baseball Quiz

Most MLB All-Star Game PAs per Team Quiz Stats

 Plays Quiz Updated Aug 1, 2017

Challenge
Share
Tweet
Embed
Score 0/30 Timer 10:00
0 Plays Today
Team Player % Correct
OriolesCal Ripken
88.1%
GiantsWillie Mays
86.9%
BravesHank Aaron
86.8%
YankeesMickey Mantle
84.9%
AstrosCraig Biggio
84.4%
Red SoxTed Williams
84.4%
PadresTony Gwynn
83%
RoyalsGeorge Brett
82%
CardinalsStan Musial
81.4%
BrewersRobin Yount, Ryan Braun
81.1%
PhilliesMike Schmidt
79.4%
RedsPete Rose
77.9%
CubsErnie Banks
77.7%
RockiesTodd Helton
77.2%
PiratesRoberto Clemente
75.8%
Team Player % Correct
RangersIvan Rodriguez
71.8%
DiamondbacksPaul Goldschmidt
69.1%
Nats/ExposGary Carter
68%
AthleticsReggie Jackson
67.5%
MarinersIchiro Suzuki
66.6%
MetsDavid Wright
63.7%
TigersAl Kaline
60.1%
MarlinsHanley Ramirez
59%
TwinsRod Carew
57.3%
Blue JaysRoberto Alomar
51%
RaysCarl Crawford
47.3%
DodgersSteve Garvey
41.2%
White SoxNellie Fox
37.9%
AngelsJim Fregosi
10.3%
IndiansKen Keltner
3%

You're not logged in!

Compare scores with friends on all Sporcle quizzes.
Join for Free
OR
Log In

You Might Also Like...

Show Comments

Extras

Top Quizzes Today


Score Distribution

Your Account Isn't Verified!

In order to create a playlist on Sporcle, you need to verify the email address you used during registration. Go to your Sporcle Settings to finish the process.

Report this User

Report this user for behavior that violates our Community Guidelines.

Details: